Dewey decimal classification and relative index / (Record no. 87831)
[ view plain ]
| 000 -LEADER | |
|---|---|
| fixed length control field | 01112nam a22002297a 4500 |
| 005 - DATE AND TIME OF LATEST TRANSACTION | |
| control field | 20231215142037.0 |
| 010 ## - LCCN (DPL NO) | |
| LC control number | B-536962-969 |
| 020 ## - INTERNATIONAL STANDARD BOOK NUMBER | |
| International Standard Book Number | 9781910608814 |
| Terms of availability | $ 575 Rs.34551.75 (set of 4 vol) |
| 035 ## - SYSTEM CONTROL NUMBER | |
| System control number | B-536962-969 |
| 037 ## - SOURCE OF ACQUISITION | |
| Stock number | dpl |
| Source of stock number/acquisition | BSB/Ven |
| 082 ## - DEWEY DECIMAL CLASSIFICATION NUMBER | |
| Classification number | 025.431 |
| 100 ## - MAIN ENTRY--PERSONAL NAME | |
| Personal name | Dewey, Melvil 1851-1931 |
| 245 ## - TITLE STATEMENT | |
| Title | Dewey decimal classification and relative index / |
| Remainder of title | devised by Melvil Dewey;edited by Joan S. Mitchell, ...(et al) |
| 250 ## - EDITION STATEMENT | |
| Edition statement | 23 ed. |
| 260 ## - PUBLICATION, DISTRIBUTION, ETC. (IMPRINT) | |
| Place of publication, distribution, etc | Dublin |
| Name of publisher, distributor, etc | OCLC Online Computer Library Centre, |
| Date of publication, distribution, etc | 2011 |
| 270 ## - ADDRESS | |
| Address | 6565 Frantz Road, Dublin,OH43017-3395 USA |
| City | Dublin (USA) |
| Postal code | 430173395 |
| 300 ## - PHYSICAL DESCRIPTION | |
| Extent | 4v .(lxxv,779; xvi,1289p.; 1140p.; 965p.) |
| Other physical details | 24cm (Hb) |
| 500 ## - GENERAL NOTE | |
| General note | v.1-Manual tables, v.2-Schedules 000-599, v.3-Schedules 600-999, v.4-Index |
| 700 ## - ADDED ENTRY--PERSONAL NAME | |
| Dates associated with a name | Mitchell, Joan S. |
| 9 (RLIN) | 59878 |
| 942 ## - ADDED ENTRY ELEMENTS (KOHA) | |
| Source of classification or shelving scheme | Dewey Decimal Classification |
| Item type | English Books |
| Classification part | 025.431 |
| Call number suffix | DEW |
| Withdrawn status | Lost status | Materials specified (bound volume or other part) | Not for loan | Collection code | Home library | Current library | Date acquired | Source of acquisition | Cost, normal purchase price | Full call number | Barcode | Copy number | Cost, replacement price | Koha item type |
|---|---|---|---|---|---|---|---|---|---|---|---|---|---|---|
| V.1 | Not For Loan | Reference | D.B.Act.Division | D.B.Act.Division | 12/08/2014 | BSB/IN612/28.03.2014/161/28.03.2014/31.3.2014 | 34551.75 | 025.431 DEW | B-536962 | 1 | 34551.75 | English Books | ||
| V.2 | Not For Loan | Reference | D.B.Act.Division | D.B.Act.Division | 12/08/2014 | BSB/IN612/28.03.2014/161/28.03.2014/31.3.2014 | 34551.75 | 025.431 DEW | B-536963 | 1 | 34551.75 | English Books | ||
| V.3 | Not For Loan | Reference | D.B.Act.Division | D.B.Act.Division | 12/08/2014 | BSB/IN612/28.03.2014/161/28.03.2014/31.3.2014 | 34551.75 | 025.431 DEW | B-536964 | 1 | 34551.75 | English Books | ||
| V..4 | Not For Loan | Reference | D.B.Act.Division | D.B.Act.Division | 12/08/2014 | BSB/IN612/28.03.2014/161/28.03.2014/31.3.2014 | 34551.75 | 025.431 DEW | B-536965 | 1 | 34551.75 | English Books | ||
| V.1 | Not For Loan | Reference | South Zone Lib (REF) | South Zone Lib (REF) | 12/08/2014 | BSB/IN612/28.03.2014/161/28.03.2014/31.3.2014 | 34551.75 | 025.431 DEW | B-536966 | 1 | 34551.75 | English Books | ||
| V.2 | Not For Loan | Reference | South Zone Lib (REF) | South Zone Lib (REF) | 12/08/2014 | BSB/IN612/28.03.2014/161/28.03.2014/31.3.2014 | 34551.75 | 025.431 DEW | B-536967 | 1 | 34551.75 | English Books | ||
| V.3 | Not For Loan | Reference | South Zone Lib (REF) | South Zone Lib (REF) | 12/08/2014 | BSB/IN612/28.03.2014/161/28.03.2014/31.3.2014 | 34551.75 | 025.431 DEW | B-536968 | 1 | 34551.75 | English Books | ||
| V.4 | Not For Loan | Reference | South Zone Lib (REF) | South Zone Lib (REF) | 12/08/2014 | BSB/IN612/28.03.2014/161/28.03.2014/31.3.2014 | 34551.75 | 025.431 DEW | B-536969 | 1 | 34551.75 | English Books |
